000 01085nam0a22002651 4500
001 rc\2558853
005 20250623103955.0
035 _a(NLR Aleph) 006723781
090 _a5471388
_c5471388
100 _a20110914d1927 |||y0rusy50 ca
101 0 _arus
102 _aRU
105 _ay z |||||
200 1 _aКрасная армия и оборона страны
_e(Материалы для докладов, работы партактива и кружков текущей политики)
_fЯ. Смоленский, И. Лебедев
210 _a[Новосибирск]
_cСибкрайком ВКП(б)
_d1927
_gтип."Совсибирь"
215 _a24 с.
_d21х14 см.
320 _aБиблиография: "Что читать о военной опасности, Красной армии и обороне страны" (10 названий)
700 1 _aСмоленский
_bЯ.
701 1 _aЛебедев
_bИ.
801 0 _aRU
_bNLR
_gpsbo
801 1 _aRU
_bELAR
_2rusmarc
852 _aNLR
_j40/2505
942 _cBOOK
980 _aNB